El programa del cambio
Αποθηκεύτηκε σε:
| Κύριος συγγραφέας: | |
|---|---|
| Μορφή: | Βιβλίο |
| Γλώσσα: | Ισπανικά |
| Έκδοση: |
Santiago
s. n
1999
|
| Έκδοση: | 1a. ed |
| Θέματα: | |
| Ετικέτες: |
Προσθήκη ετικέτας
Δεν υπάρχουν, Καταχωρήστε ετικέτα πρώτοι!
|
MARC
| LEADER | 00000nam a2200000 a 4500 | ||
|---|---|---|---|
| 001 | UCJ8286 | ||
| 003 | CL-VaPUC | ||
| 008 | 070124e19991000CL |||||||||||||||||spa|d | ||
| 082 | 0 | 4 | |a 983 |b LAV |2 21 |
| 100 | |a Lavín Infante, Joaquín |e author |9 517041 | ||
| 245 | 1 | 3 | |a El programa del cambio |
| 250 | |a 1a. ed | ||
| 300 | |a 111 p | ||
| 942 | |c BK | ||
| 945 | |d 20070124 00:00:00 |a rinostro | ||
| 260 | |a Santiago |b s. n |c 1999 | ||
| 650 | 0 | |a Historia de Chile |9 265473 | |
| 650 | 0 | |a Elecciones presidenciales |9 354283 | |
| 650 | 7 | |a CANDIDATOS |2 CL-VaPUC |9 517042 | |
| 650 | 7 | |a DERECHA |2 CL-VaPUC |9 517043 | |
| 583 | |a last modification |c 20070124 00:00:00 |k Rodrigo Vera | ||
| 999 | |c 324061 |d 324059 | ||
| 952 | |0 0 |1 0 |4 0 |6 983_000000000000000_LAV_1999 |7 0 |8 X |9 403962 |a FDOBUD |b FDOBUD |d 2019-11-22 |i 1074520 |o 983 LAV 1999 |p 1074520 |r 2019-11-22 |w 2019-11-22 |y BK_X |k BUD | ||